000
00309nam a2200133Ia 4500
008
190216s9999||||xx |||||||||||||| ||und||
100
_a
Krishnamurthy. V
245
0
_a
Trigonometry
250
_a
4th Ed.
260
_b
National Publishing House
_c
1968
300
_a
248
650
_a
Mathematics
942
_c
BK
999
_c
30569
_d
30569